00518nam a22001577a 450000500170000001000150001702000290003203500140006103700090007508200060008410000180009024500580010826000560016627001170022230000210033920220117125822.0 aENG-131172 a978-93896-486-83c899.00 aEN-114704 bDBAD aN aVidhate, Kaka aDuryodhan:cKaka Vidhate, Translated by Vikrant Pande aChennaibWestland Publication Private Limitedc2020 bChennaia1st Floor, A Block, East Wing Plot No. 40, SP infocity, Dr. MGR Salai, Perungudi, Kandanchavadie600096 a578p.c22cm(pbk)